000 00659cam a22002293a 4500
001 19581
003 PGUSA
005 20140828083420.0
008 061020s2006||||xxu|||||s|||||000 | eng d
040 _aPGUSA
_beng
042 _adc
050 4 _aKF
100 1 _aUnited States
245 1 0 _aAmendments to the United States Constitution
_h[electronic resource] /
_cUnited States
260 _bProject Gutenberg,
_c2006
506 _aPublic domain in the USA.
516 _aElectronic text
653 _aConstitutional amendments -- United States
830 0 _aProject Gutenberg
_v19581
856 4 0 _uhttp://www.gutenberg.org/ebooks/19581
942 _cEB
999 _c248836
_d248836